Monitoring systemic risk based on dynamic thresholds

Bibliographic Details
Main Author: Lund-Jensen, Kasper.
Corporate Authors: International Monetary Fund., ProQuest (Firm)
Format: Electronic eBook
Language:English
Published: Washington : International Monetary Fund, 2012.
Series:IMF working paper ; 12/159
Subjects:
Online Access:Click to View
LEADER 01290nam a2200349Ia 4500
001 EBC1606807
003 MiAaPQ
005 20200520144314.0
006 m o d |
007 cr cn|||||||||
008 111102s2012 dcua sb 000 0 eng d
020 |z 9781475504576 
020 |z 9781475537253 
035 |a (MiAaPQ)EBC1606807 
035 |a (Au-PeEL)EBL1606807 
035 |a (CaPaEBR)ebr10590656 
035 |a (OCoLC)796653585 
040 |a MiAaPQ  |c MiAaPQ  |d MiAaPQ 
050 4 |a HD61  |b .L86 2012 
100 1 |a Lund-Jensen, Kasper. 
245 1 0 |a Monitoring systemic risk based on dynamic thresholds  |h [electronic resource] /  |c prepared by Kasper Lund-Jensen. 
260 |a Washington :  |b International Monetary Fund,  |c 2012. 
300 |a 35 p. :  |b ill. 
490 0 |a IMF working paper ;  |v 12/159 
504 |a Includes bibliographical references. 
533 |a Electronic reproduction. Ann Arbor, MI : ProQuest, 2015. Available via World Wide Web. Access may be limited to ProQuest affiliated libraries. 
650 0 |a Financial risk management. 
650 0 |a Risk management. 
655 4 |a Electronic books. 
710 2 |a International Monetary Fund. 
710 2 |a ProQuest (Firm) 
856 4 0 |u https://ebookcentral.proquest.com/lib/matrademy/detail.action?docID=1606807  |z Click to View